مكتبة جامعة عجلون الوطنية

فهرس بحث المكتبة

Normal view MARC view
  • الاسرة-الارشاد النفسي

Entry Topical Term

Number of records used in: 1

001 - CONTROL NUMBER

  • control field: 63361

003 - CONTROL NUMBER IDENTIFIER

  • control field: JO-AjAnu

005 - DATE AND TIME OF LATEST TRANSACTION

  • control field: 20230606084337.0

008 - FIXED-LENGTH DATA ELEMENTS

  • fixed length control field: 230606|| aca||aabn | a|a d

040 ## - CATALOGING SOURCE

  • Original cataloging agency: JO-AjAnu
  • Transcribing agency: JO-AjAnu

150 ## - HEADING--TOPICAL TERM

  • Topical term or geographic name entry element: الاسرة-الارشاد النفسي

670 ## - SOURCE DATA FOUND

  • Source citation: Work cat.: (JO-AjAnu)32303: ابو عطية، سهام درويش, author 63360, الارشاد الزواجي والاسري: مفاهيم ونظريات ومهارات = Family and Marital Counseling: Concepts, Theories and Skills